Disponibilidad de los consumidores a la compra de productos ecológicos y sensibilidad de precios en Colombia. "Casos de madera y café" (Registro nro. 2621)
[ vista simple ]
| 000 -CABECERA | |
|---|---|
| Campo de control | 00791nam a2200241 a 4500 |
| 005 - FECHA Y HORA DE LA ULTIMA TRANSACCION | |
| Campo de control | 20160503020003.0 |
| 008 - ELEMENTOS DE LONGITUD FIJA—INFORMACION GENERAL | |
| Campo de control | 140121b2002 ck ||||| |||| 00| 0 spa d |
| 041 ## - IDIOMA | |
| Código de idioma para texto/pista de sonido o título separado | Español |
| 044 ## - PAÍS DE PUBLICACIÓN | |
| País de publicación | Colombia |
| 090 ## - CLASIFICACIÓN LOCAL | |
| Colección | IAvH |
| Consecutivo | 00187 |
| 100 ## - ASIENTO PRINCIPAL--NOMBRE PERSONAL | |
| Nombre personal | Ramos Borrero, Aurelio |
| 245 ## - MENCION DE TITULO | |
| Título | Disponibilidad de los consumidores a la compra de productos ecológicos y sensibilidad de precios en Colombia. "Casos de madera y café" |
| 260 ## - PUBLICACION, DISTRIBUCION, ETC. (PIE DE IMPRENTA) | |
| Lugar de publicación, distribución, etc. | Bogotá |
| Nombre del editor, distribuidor, etc. | Instituto Alexander von Humboldt |
| Fecha de publicación, distribución, etc. | 2002 |
| 300 ## - DESCRIPCION FISICA | |
| Extensión | 89 p. |
| 650 ## - ASIENTO SECUNDARIO DE MATERIA - TERMINO TEMATICO | |
| Término temático o nombre geográfico como elemento de entrada | Productos ecológicos |
| 650 ## - ASIENTO SECUNDARIO DE MATERIA - TERMINO TEMATICO | |
| Término temático o nombre geográfico como elemento de entrada | Mercados verdes |
| 650 ## - ASIENTO SECUNDARIO DE MATERIA - TERMINO TEMATICO | |
| Término temático o nombre geográfico como elemento de entrada | Café orgánico |
| 650 ## - ASIENTO SECUNDARIO DE MATERIA - TERMINO TEMATICO | |
| Término temático o nombre geográfico como elemento de entrada | Madera certificada |
| 650 ## - ASIENTO SECUNDARIO DE MATERIA - TERMINO TEMATICO | |
| Término temático o nombre geográfico como elemento de entrada | Estudios de mercados |
| 650 ## - ASIENTO SECUNDARIO DE MATERIA - TERMINO TEMATICO | |
| Término temático o nombre geográfico como elemento de entrada | Actitudes del consumidor |
| 662 ## - ASIENTO SECUNDARIO DE MATERIA - JERARQUIA DEL NOMBRE DE LUGAR( | |
| País o entidad mayor | Colombia |
| 942 ## - ELEMENTOS ADICIONALES (KOHA) | |
| Tipo de ítem | CD-ROM |
| Sistema de clasificación | Local |
| Koha issues (borrowed), all copies | 1 |
| Withdrawn status | Lost status | Sistema de Clasificación | Damaged status | No para préstamo | Colección | Inventariado | Ubicación Permanente | Ubicación actual | Fecha de adquisición | Fuente de Valor | Valor | Total Checkouts | Número topográfico | Inventario / Código de Barras | Date last seen | Ejemplar | Price effective from | Forma de adquisición | Tipo de material | Date checked out | Public note |
|---|---|---|---|---|---|---|---|---|---|---|---|---|---|---|---|---|---|---|---|---|---|
| Dewey Decimal Classification | Humboldt | Inventariado 2017 | Bogotá | Bogotá | 28/05/2002 | Instituto | 30000.00 | 1 | IAvH-338.17498 R17d | 018028 | 03/02/2017 | Ej. 1 | 04/12/2012 | Institucional | Libro | 02/05/2016 | |||||
| Dewey Decimal Classification | Humboldt | Bogotá | Bogotá | 28/05/2002 | Ranjel Orlando | IAvH-338.17498 R17d | 018029 | 04/12/2012 | Ej. 2 | 04/12/2012 | Institucional | Libro | |||||||||
| Dewey Decimal Classification | Humboldt | Bogotá | Bogotá | 28/05/2002 | Ranjel Orlando | IAvH-338.17498 R17d | 018030 | 04/12/2012 | Ej. 3 | 04/12/2012 | Institucional | Libro | |||||||||
| Local | Audiovisual | Bogotá | Bogotá | 19/12/2013 | IAVH-00187 | 059347 | 19/12/2013 | Ej. 4 | 19/12/2013 | CD-ROM | |||||||||||
| Local | Audiovisual | Bogotá | Bogotá | 19/12/2013 | IAVH-00187 | 059348 | 19/12/2013 | Ej. 5 | 19/12/2013 | CD-ROM | Coloretto | ||||||||||
| Dewey Decimal Classification | Humboldt | Inventariado 2017 | Sala Fabio Quevedo | Sala Fabio Quevedo | 18/07/2014 | Instituto | 30000.00 | IAvH-338.17498 R17d | 004152 | 04/12/2012 | Ej. 6 | 04/12/2012 | Libro | ||||||||
| Dewey Decimal Classification | Humboldt | Inventariado 2017 | Sala Fabio Quevedo | Sala Fabio Quevedo | 18/07/2014 | Instituto | 30000.00 | IAvH-338.17498 R17d | 004153 | 04/12/2012 | Ej. 7 | 04/12/2012 | Libro | ||||||||
| Local | Humboldt | Inventariado 2017 | Villa de Leyva | Villa de Leyva | 28/05/2002 | Instituto | 30000.00 | IAvH-00187 | 004151 | 04/12/2012 | Ej. 1 | 04/12/2012 | Libro |